000 00689nam a2200241Ia 4500
003 OSt
005 20221007071831.0
006 a|||||r|||| 00| 0
007 ta
008 221006b |||||||| |||| 00| 0 eng d
024 _a10,135
037 _cTextual
040 _aFLL
_cFLL
_beng
041 _2eng
_aeng
082 _aX:5:Z1, N7
100 _aPetermann Ernst-Ulrich Ed.
_9689518
245 0 _aInternational trade law and the GATT/WTO dispute settement system
260 _aLondon
_bKluwer law international London
_c1997
300 _a704p
_ccm.
490 _vVol.2
942 _hX:5:Z1, N7
_cTEXL
_2CC
999 _c1144443
_d1144443